00450 2200169 4500001002100000008004100021035002000062245004300082100001800125260004700143300001300190020001800203084001400221082000800235650001800243990001900261INLIS000000000001551 ind  a0010-0724001551 aBayang-Bayang Masa LalucPearl S. Buck aPearl S. Buck aJakarta :bPT Gramedia Pustaka Utamac1995 a336 hlm. a979-605-149-4 a813 PEA b a813 aFiksi Inggris aP29/CP/24/1551